Best Album Winners/Nominees A-Z - Statistics

General Stats
  • This quiz has been taken 13 times
  • The average score is 8 of 25
Answer Stats
Hint Albums % Correct
A 🎡
78%
S 🎡
78%
T 🎡
78%
B 🎡
67%
R 🎡
67%
J 🎡
56%
# 🎡
44%
F 🎡
44%
H 🎡
33%
I 🎡
33%
M 🎡
33%
C 🎡
22%
G 🎡
22%
K 🎡
22%
L 🎡
22%
D 🎡
11%
E 🎡
11%
N 🎡
11%
O 🎡
11%
P 🎡
11%
U 🎡
11%
X 🎡
11%
V 🎡
0%
W 🎡
0%
Y 🎡
0%
No matching quizzes found
Score Distribution
Percent of People with Each Score
Percentile by Number Answered
Your Score History
You have not taken this quiz